| 000 | 00697nam a22002177a 4500 | ||
|---|---|---|---|
| 999 |
_c19991 _d19991 |
||
| 003 | AR-CdUCM | ||
| 008 | 190524b ||||| |||| 00| 0 espa d | ||
| 040 |
_aMUNICIPALIDAD PROVINCIAL DEL CUSCO _cBIBLIOTECA MUNICIPAL DEL CUSCO |
||
| 082 |
_a985.72 / _bA33 |
||
| 100 |
_a Alayza y Paz Soldán, Luis _937135 |
||
| 245 |
_aMi pais : _bAlgo de la amazonia peruana / |
||
| 260 |
_aLima : _c1960 |
||
| 300 |
_a226 páginas _c26 cm. |
||
| 505 | _aContenido: Nuestra Amazonia -- Obra trascendental de Requena El Tratado Salomon Lozano... | ||
| 650 |
_aHistoria _9246 |
||
| 650 |
_aPerú _92178 |
||
| 650 |
_aSelva _931531 |
||
| 650 |
_aAmazonia _93433 |
||
| 942 |
_2ddc _cLIBROS |
||
| 945 | _aJavier | ||